Siya sukumari Ki Prem Kahani (Record no. 3867)
[ view plain ]
| 000 -LEADER | |
|---|---|
| fixed length control field | 00434nam a22001817a 4500 |
| 003 - CONTROL NUMBER IDENTIFIER | |
| control field | OSt |
| 005 - DATE AND TIME OF LATEST TRANSACTION | |
| control field | 20251003140639.0 |
| 008 - FIXED-LENGTH DATA ELEMENTS--GENERAL INFORMATION | |
| fixed length control field | 251003b |||||||| |||| 00| 0 eng d |
| 020 ## - INTERNATIONAL STANDARD BOOK NUMBER | |
| International Standard Book Number | 9789349597136 |
| 082 ## - DEWEY DECIMAL CLASSIFICATION NUMBER | |
| Classification number | 8H3 |
| Item number | SHAS |
| 100 ## - MAIN ENTRY--PERSONAL NAME | |
| Personal name | Sharma, Anurodh |
| 245 ## - TITLE STATEMENT | |
| Title | Siya sukumari Ki Prem Kahani |
| 260 ## - PUBLICATION, DISTRIBUTION, ETC. | |
| Place of publication, distribution, etc. | Prayagraj |
| Name of publisher, distributor, etc. | Rudraditya Prakashan |
| 300 ## - PHYSICAL DESCRIPTION | |
| Extent | 161p. |
| 546 ## - LANGUAGE NOTE | |
| Language note | Hindi |
| 651 ## - SUBJECT ADDED ENTRY--GEOGRAPHIC NAME | |
| Geographic name | Hindi Fiction |
| 942 ## - ADDED ENTRY ELEMENTS (KOHA) | |
| Source of classification or shelving scheme | Dewey Decimal Classification |
| Koha item type | Book |
| Withdrawn status | Lost status | Source of classification or shelving scheme | Damaged status | Not for loan | Collection code | Home library | Current library | Shelving location | Date acquired | Source of acquisition | Cost, normal purchase price | Total Checkouts | Full call number | Barcode | Date last seen | Date last checked out | Price effective from | Koha item type |
|---|---|---|---|---|---|---|---|---|---|---|---|---|---|---|---|---|---|---|
| Dewey Decimal Classification | Fiction | RIC Library | RIC Library | General Stacks | 10/03/2025 | Gifted by Ashok rahi | 299.00 | 1 | 8H3 SHAS | 003147 | 01/09/2026 | 12/27/2025 | 10/03/2025 | Book |
